| 000 | 00736cab a2200241 4500 | ||
|---|---|---|---|
| 001 | WB2925-17 | ||
| 008 | 090401t1993 xxu||||| |||| 00| 0 eng d | ||
| 035 | _a(Sirsi) u62816 | ||
| 041 | _aeng | ||
| 245 | _aSupermarket competition | ||
| 260 | _c1993 | ||
| 350 | _a0 | ||
| 490 |
_aFinancial Times _v29 June 1993, 15(3) |
||
| 520 | _aLeading supermarkets are criticised for large profit margins on products compared to US and European counterparts. However, discount stores pose a threat. | ||
| 650 | _aDISCOUNT STORES | ||
| 650 | _aFOOD RETAILING | ||
| 650 | _aRETAILING | ||
| 650 | _aSUPERMARKETS | ||
| 650 | _aSUPERSTORES | ||
| 690 | _aPROPERTY-COMMERCIAL PROPERTY-RETAIL PROPERTY | ||
| 942 | _n0 | ||
| 948 | _c04/03/1997 | ||
| 999 |
_c39018 _d39018 |
||